00711 2200265 4500001002100000005001700021008004100038020001800079035002400097082001100121090001800132100001800150245009000168250001000258260002800268300002500296650003200321700001300353850001500366980001300381985000600394999001500400999001500415999001500430YOGYA-0209000003978720090227025516.0 ind  a979-99010-0-6 0010-020900000039787 a819.22 a819.22bAmr A aAMRIH, Pitoyo aAntasena dan Antarejabjalan kematian para ksatriacPitoyo Amrih; penyunting Umar Ijs aCet.1 aYogyakartabPinusc2006 a252 hlmbilusc21 cm aKesusasteraan Jawa - Cerita aUmar Ijs aYOPDYOG(M) a19-10-07 a3 a07B0031088 a07B0031089 a07B0031090